NAVO-leden - Sudden Death - Statistieken

Algemene statistieken
  • Deze quiz is 5.091 keer genomen
  • De gemiddelde score is 16 van 32
Answers on the Grid
Answers color-coded by a green-red scale on the quiz's grid according to % correct below.
Albanië
Andorra
Belarus
België
Bulgarije
Canada
Denemarken
Duitsland
Estland
Finland
Frankrijk
Griekenland
Hongarije
IJsland
Israël
Italië
Kroatië
Letland
Liechtenstein
Litouwen
Luxemburg
Mexico
Moldavië
Monaco
Montenegro
Nederland
Noord-Macedonië
Noorwegen
Oekraïne
Polen
Portugal
Roemenië
Rusland
San Marino
Servië
Slovenië
Slowakije
Spanje
Taiwan
Tsjechië
Turkije
Verenigd Koninkrijk
Verenigde Staten
Zweden
Zwitserland
 
Antwoordstatistieken
Antwoord % Correct
Frankrijk
80%
België
75%
Italië
75%
Duitsland
72%
Denemarken
69%
Nederland
69%
Canada
66%
Portugal
63%
Luxemburg
61%
Griekenland
60%
Verenigde Staten
57%
Verenigd Koninkrijk
56%
Finland
54%
Spanje
53%
Estland
50%
Zweden
50%
Kroatië
48%
Hongarije
45%
IJsland
45%
Albanië
44%
Polen
43%
Letland
42%
Noorwegen
42%
Slovenië
42%
Turkije
41%
Bulgarije
38%
Litouwen
38%
Slowakije
38%
Tsjechië
37%
Roemenië
33%
Noord-Macedonië
21%
Montenegro
18%
Geen overeenkomende quizzen gevonden
Scoreverdeling
Procent van Mensen met Elke Score
Percentiel versus Aantal Correcte Antwoorden
Uw Scoregeschiedenis
U heeft deze quiz nog niet genomen